[Event "Titled Tuesday intern op 22nd Aug Early"]
[Site "Chess.com INT"]
[Date "2023.08.22"]
[Round "1"]
[White "Gulamirian, Korun"]
[Black "Kashefi, Amir Hossein"]
[Result "0-1"]
[WhiteElo "1816"]
[BlackElo "2194"]
[PlyCount "84"]
[EventDate "2023.08.22"]
[EventType "swiss (blitz)"]
[EventRounds "11"]
[EventCountry "USA"]
[SourceTitle "EXT 2024"]
[Source "ChessBase"]
[SourceDate "2023.10.10"]
[SourceVersion "1"]
[SourceVersionDate "2023.10.10"]
[SourceQuality "1"]

1. d4 d5 2. c4 c6 3. Nf3 Nf6 4. g3 Bf5 5. Qb3 Qb6 6. c5 Qxb3 7. axb3 Nbd7 8. b4 Bxb1 9. Rxb1 a6 10. Bf4 Rc8 11. h4 e6 12. Bg2 Be7 13. 0-0 Bd8 14. Rfe1 0-0 15. Bd6 Re8 16. Ne5 Bc7 17. Nxd7 Nxd7 18. Bxc7 Rxc7 19. e4 dxe4 20. Rxe4 Nf6 21. Re5 Rd8 22. Rd1 Rcd7 23. Ree1 Rxd4 24. Rxd4 Rxd4 25. Bf3 Kf8 26. Kf1 Ke7 27. Re3 Rxb4 28. Re2 Nd5 29. Rc2 g6 30. g4 h6 31. Be2 Nf4 32. Bf3 Ra4 33. Kg1 g5 34. hxg5 hxg5 35. Kh2 Rd4 36. Bh1 e5 37. f3 Ne6 38. Kg3 Rd5 39. b4 Rd4 40. Rb2 Nf4 41. Bg2 Rd1 42. Bf1 Rxf1 0-1